000 00606nam a22001817a 4500
999 _c171538
_d171538
005 20200115114310.0
010 _aENG-127424
020 _a9789353438869
_c749.00
035 _aEN-110956
037 _bDBAD/PUB
082 _a005.8
100 _aStallings,William
245 _aComputer Security:
_cby William Stallings[and]Lawrie Brown
_bprincipals and practice/
260 _aNOIDA
_bPearson India Education Services
_c2019
270 _a15th floor,Tower-B,World Trade Tower,Plot No.1,Block-C,sector 16
_bNOIDA
_e201301
300 _a800p.
_c22cm(pbk)
942 _2ddc
_cEN
_h005.8
_mSTA